[Event "Two Knights Defence 1800-2200"]
[Site "SchemingMind.com"]
[Date "2007.04.16"]
[Round "-"]
[White "Glenn119"]
[Black "izziedizzy"]
[Result "0-1"]
[WhiteCountry "USA"]
[BlackCountry "USA"]
[WhiteElo "1689"]
[WhiteRD "60"]
[BlackElo "2125"]
[BlackRD "111"]
[GameID "101198"]

1. e4 e5 2. Nf3 Nc6 3. Bc4 Nf6 4. O-O Bc5 5. d4 Bxd4 6. Nxd4 Nxd4 7. f4 d6 8. fxe5 dxe5 9. Bg5 Qe7 10. Nd2 Be6
11. c3 Nc6 12. Bxe6 fxe6 13. Nb3 O-O 14. Qe2 a6 15. Rad1 Rad8 16. Rxd8 Nxd8 17. Qc4 b5 18. Qc5 Qd6 19. c4 Nb7 20. Qxd6 Nxd6
21. Bxf6 bxc4 22. Bxe5 Rxf1+ 23. Kxf1 cxb3 24. axb3 Nxe4 25. Bxc7 Nd2+ 26. Ke2 Nxb3 27. Bb6 h5 28. Kd3 e5 29. Kc2 Nd4+
0-1

[Event "Two Knights Defence 1800-2200"]
[Site "SchemingMind.com"]
[Date "2007.04.17"]
[Round "-"]
[White "izziedizzy"]
[Black "Glenn119"]
[Result "1-0"]
[WhiteCountry "USA"]
[BlackCountry "USA"]
[WhiteElo "2125"]
[WhiteRD "111"]
[BlackElo "1689"]
[BlackRD "60"]
[GameID "101199"]

1. e4 e5 2. Nf3 Nc6 3. Bc4 Nf6 4. d4 exd4 5. O-O Nxe4 6. Re1 d5 7. Bxd5 Qxd5 8. Nc3 Qa5 9. Nxe4 Be6 10. Bd2 Qf5
11. Ng3 Qd5 12. Ng5 Bd6 13. Qg4 O-O 14. Nxe6 fxe6 15. Qxe6+ Qxe6 16. Rxe6 Rad8 17. Ne4 Be7 18. Re1 Rd5 19. a3 Rb5 20. b4 Bh4
21. Ng3 Bg5 22. Bxg5 Rxg5 23. h4 Rb5 24. Ne4 a5 25. c3 dxc3 26. Nxc3 Rbf5 27. b5 Nd4 28. Re7 Rc5 29. Ne4
1-0

[Event "Two Knights Defence 1800-2200"]
[Site "SchemingMind.com"]
[Date "2007.04.18"]
[Round "-"]
[White "AlekhineKid"]
[Black "Glenn119"]
[Result "0-1"]
[WhiteCountry "USA"]
[BlackCountry "USA"]
[WhiteElo "1800"]
[WhiteRD "89"]
[BlackElo "2142"]
[BlackRD "87"]
[GameID "101665"]

1. e4 e5 2. Nf3 Nc6 3. Bc4 Nf6 4. Ng5 d5 5. exd5 Na5 6. Bb5+ Bd7 7. Qe2 Be7 8. Bxd7+ Qxd7 9. b4 Nxd5 10. bxa5 Bxg5
11. Qxe5+ Be7 12. O-O O-O 13. c3 Rfe8 14. d4 c5 15. Bb2 Bf6 16. Qh5 Nf4 17. Qxc5 Qg4 18. g3 Ne2+ 19. Kg2 Qe4+ 20. Kh3 Nf4+
21. gxf4 Qf3#
0-1

[Event "Two Knights Defence 1800-2200"]
[Site "SchemingMind.com"]
[Date "2007.04.18"]
[Round "-"]
[White "AlekhineKid"]
[Black "izziedizzy"]
[Result "0-1"]
[WhiteCountry "USA"]
[BlackCountry "USA"]
[WhiteElo "1821"]
[WhiteRD "77"]
[BlackElo "2125"]
[BlackRD "111"]
[GameID "101666"]

1. e4 e5 2. Nf3 Nc6 3. Bc4 Nf6 4. Ng5 d5 5. exd5 Na5 6. Bb5+ c6 7. dxc6 bxc6 8. Be2 h6 9. Nh3 Bc5 10. d3 O-O
11. O-O Nb7 12. Nc3 Rb8 13. Kh1 Bxh3 14. gxh3 Nd6 15. Bf3 Qc7 16. Qe2 Nf5 17. Rg1 Nd4 18. Qe3 g6 19. Ne4 Nd5 20. Qxh6 Nxf3
21. Bg5 Be7 22. c4 Bxg5 23. Nxg5 Nxg5 24. Rxg5 Nf4 25. Rag1 Rxb2 26. h4 Rxf2 27. h5 c5
0-1

[Event "Two Knights Defence 1800-2200"]
[Site "SchemingMind.com"]
[Date "2007.04.19"]
[Round "-"]
[White "Glenn119"]
[Black "AlekhineKid"]
[Result "1-0"]
[WhiteCountry "USA"]
[BlackCountry "USA"]
[WhiteElo "2142"]
[WhiteRD "87"]
[BlackElo "1800"]
[BlackRD "89"]
[GameID "101667"]

1. e4 e5 2. Nf3 Nc6 3. Bc4 Nf6 4. d4 exd4 5. e5 Ne4 6. Bd5 Nc5 7. O-O Be7 8. c3 dxc3 9. Nxc3 d6 10. exd6 cxd6
11. Be3 O-O 12. Qe2 Bg4 13. Rfd1 Ne6 14. h3 Bxf3 15. Qxf3 Qd7 16. Qf5 a6 17. Rac1 Rac8 18. Bb3 Nc5 19. Qxc5
1-0

[Event "Two Knights Defence 1800-2200"]
[Site "SchemingMind.com"]
[Date "2007.04.19"]
[Round "-"]
[White "izziedizzy"]
[Black "AlekhineKid"]
[Result "1-0"]
[WhiteCountry "USA"]
[BlackCountry "USA"]
[WhiteElo "2125"]
[WhiteRD "111"]
[BlackElo "1821"]
[BlackRD "77"]
[GameID "101668"]

1. e4 e5 2. Nf3 Nc6 3. Bc4 Nf6 4. d4 exd4 5. O-O Bc5 6. e5 d5 7. exf6 dxc4 8. Re1+ Be6 9. Ng5 Qd5 10. Nc3 Qf5
11. Nce4 O-O-O 12. g4 Qe5 13. Nxe6 fxe6 14. fxg7 Rhg8 15. Bh6 d3 16. c3 d2 17. Re2 Rd3 18. Nxc5 Qxc5 19. Rxd2 Ne5 20. Rxd3 cxd3
21. h3 Qc6 22. Kh2 Qe4 23. Kg3 Nf7 24. f3 Qe5+ 25. Bf4 Qd5 26. Qb3 Qd7 27. Qa3 Rxg7 28. Qxa7 Kd8 29. Qxb7 e5 30. Qa8+ Ke7
31. Qe4 Qe6 32. Be3 Nd6 33. Qxd3 e4 34. fxe4 Nxe4+ 35. Kh2 h5 36. Bd4 Rf7 37. Re1 Rf4 38. Qe3 Qf7 39. Be5 Rf2+ 40. Kg1 Rxb2
41. Qxe4
1-0

[Event "Two Knights Defence 1800-2200"]
[Site "SchemingMind.com"]
[Date "2007.04.24"]
[Round "-"]
[White "DeekMan"]
[Black "AlekhineKid"]
[Result "0-1"]
[WhiteCountry "SCO"]
[BlackCountry "USA"]
[WhiteElo "2045"]
[WhiteRD "83"]
[BlackElo "1950"]
[BlackRD "75"]
[GameID "102210"]

1. e4 e5 2. Nf3 Nc6 3. Bc4 Nf6 4. Ng5 d5 5. exd5 Na5 6. Bb5+ c6 7. dxc6 bxc6 8. Ba4 h6 9. Nf3 e4 10. Qe2 Be7
11. Ne5 Qd4 12. Bxc6+ Nxc6 13. Nxc6 Qd6 14. Nxe7 Qxe7 15. b3 O-O 16. Ba3 Qe6 17. Bxf8 Ba6 18. c4 Rxf8 19. Qe3 Rd8 20. Qxa7 Rd7
21. Qb8+ Kh7 22. O-O Bb7 23. Re1 Qg4 24. h3 Qg5 25. Re3 Nh5 26. Nc3 Nf4
0-1

[Event "Two Knights Defence 1800-2200"]
[Site "SchemingMind.com"]
[Date "2007.04.24"]
[Round "-"]
[White "DeekMan"]
[Black "izziedizzy"]
[Result "0-1"]
[WhiteCountry "SCO"]
[BlackCountry "USA"]
[WhiteElo "2059"]
[WhiteRD "83"]
[BlackElo "2176"]
[BlackRD "91"]
[GameID "102212"]

1. e4 e5 2. Nf3 Nc6 3. Bc4 Nf6 4. d3 d5 5. exd5 Nxd5 6. O-O Be7 7. Nc3 Nxc3 8. bxc3 O-O 9. Re1 Bf6 10. Ba3 Re8
11. Nd2 Na5 12. Bb5 c6 13. Ba4 b5 14. Bb3 Bf5 15. Ne4 Bxe4 16. Rxe4 Qb6 17. Qh5 Nxb3 18. axb3 Rad8 19. Qe2 c5 20. Qe3 Rc8
21. Bb2 a6 22. f4 Qe6 23. fxe5 Bxe5 24. Re1 f6 25. Ba1 Qd6 26. g3 Qd5 27. d4 cxd4 28. cxd4 Rxc2 29. dxe5 fxe5 30. g4 Ra2
31. Rc1 h6 32. g5 hxg5 33. b4 Re6 34. Re1 a5 35. bxa5 b4 36. Rg4 b3 37. Bc3 Qb7 38. Qxg5 Qf7 39. Qd8+ Re8 40. Qh4 Qc7
41. Rg3 Qc5+ 42. Bd4 Qd5 43. Qg4 Qf7 44. Rf1 Qe7 45. Qh5 Qd7 46. Bxe5 Rxa5 47. Rh3 Qa7+ 48. Rf2 Qxf2+
0-1

[Event "Two Knights Defence 1800-2200"]
[Site "SchemingMind.com"]
[Date "2007.04.23"]
[Round "-"]
[White "AlekhineKid"]
[Black "DeekMan"]
[Result "1-0"]
[WhiteCountry "USA"]
[BlackCountry "SCO"]
[WhiteElo "1950"]
[WhiteRD "75"]
[BlackElo "2045"]
[BlackRD "83"]
[GameID "102213"]

1. e4 e5 2. Nf3 Nc6 3. Bc4 Nf6 4. d4 exd4 5. O-O Nxe4 6. Re1 d5 7. Bxd5 Qxd5 8. Nc3 Qc4 9. Nxe4 Be6 10. b3 Qd5
11. Neg5 O-O-O 12. Nxe6 fxe6 13. Ng5 e5 14. Qg4+ Qd7 15. Qxd7+ Rxd7 16. f4 Bc5 17. Kh1 h6 18. Ne4 Bb4 19. Rd1 exf4 20. Bxf4 Re8
21. Ng3
1-0

[Event "Two Knights Defence 1800-2200"]
[Site "SchemingMind.com"]
[Date "2007.04.23"]
[Round "-"]
[White "izziedizzy"]
[Black "DeekMan"]
[Result "1-0"]
[WhiteCountry "USA"]
[BlackCountry "SCO"]
[WhiteElo "2190"]
[WhiteRD "93"]
[BlackElo "2099"]
[BlackRD "82"]
[GameID "102215"]

1. e4 e5 2. Nf3 Nc6 3. Bc4 Nf6 4. d4 exd4 5. O-O Nxe4 6. Re1 d5 7. Bxd5 Qxd5 8. Nc3 Qc4 9. Nxe4 Be6 10. Neg5 O-O-O
11. Nxe6 fxe6 12. Bg5 Be7 13. Bxe7 Nxe7 14. Ne5 Qd5 15. Nf7 Ng6 16. Qg4 Rhe8 17. Nxd8 Kxd8 18. Rad1 e5 19. c3 c5 20. b3 Re7
21. f3 Qd6 22. b4 Qd5 23. a3 d3 24. Qe4 Rd7 25. Qxd5 Rxd5 26. bxc5 Kc7 27. Re3 Nf4 28. g3 Ne2+ 29. Kh1 Nxc3 30. Rdxd3 Rxd3
31. Rxd3 Na4 32. Rd5 e4 33. fxe4 Kc6 34. Rd6+ Kc7 35. Re6 Kd7 36. Re5 Nc3 37. Kg2 g6 38. Kf3 a6 39. Ke3 Nb5 40. a4 Nc3
41. a5
1-0

[Event "Two Knights Defence 1800-2200"]
[Site "SchemingMind.com"]
[Date "2007.04.29"]
[Round "-"]
[White "Lazaro"]
[Black "AlekhineKid"]
[Result "0-1"]
[WhiteCountry "CUB"]
[BlackCountry "USA"]
[WhiteElo "1892"]
[WhiteRD "74"]
[BlackElo "1940"]
[BlackRD "73"]
[GameID "102883"]

1. e4 e5 2. Nf3 Nc6 3. Bc4 Nf6 4. Ng5 Bc5 5. Nxf7 Bxf2+ 6. Kf1 Qe7 7. Nxh8 d5 8. exd5 Nd4 9. d6 cxd6 10. c3 Bg4
11. Qa4+ Kf8 12. cxd4 exd4 13. Kxf2 Ne4+ 14. Kg1 Qf6 15. h3 Qf2+ 16. Kh2 Qg3+ 17. Kg1 Bf3 18. Bf1 Ng5 19. Qb3 Re8 20. Nf7 Re1
21. Rh2 Nxh3+
0-1

[Event "Two Knights Defence 1800-2200"]
[Site "SchemingMind.com"]
[Date "2007.04.29"]
[Round "-"]
[White "Lazaro"]
[Black "DeekMan"]
[Result "0-1"]
[WhiteCountry "CUB"]
[BlackCountry "SCO"]
[WhiteElo "1892"]
[WhiteRD "74"]
[BlackElo "2095"]
[BlackRD "81"]
[GameID "102884"]

1. e4 e5 2. Nf3 Nc6 3. Bc4 Nf6 4. Ng5 d5 5. exd5 Nxd5 6. Nxf7 Kxf7 7. Qf3+ Ke6 8. Nc3 Nb4 9. Qe4 b5 10. Bb3 c5
11. a3 c4 12. d4 cxb3 13. Qxe5+ Kf7 14. axb4 Bxb4 15. Bd2 Re8
0-1

[Event "Two Knights Defence 1800-2200"]
[Site "SchemingMind.com"]
[Date "2007.04.29"]
[Round "-"]
[White "AlekhineKid"]
[Black "Lazaro"]
[Result "0-1"]
[WhiteCountry "USA"]
[BlackCountry "CUB"]
[WhiteElo "1890"]
[WhiteRD "75"]
[BlackElo "1954"]
[BlackRD "71"]
[GameID "102887"]

1. e4 e5 2. Nf3 Nc6 3. Bc4 Nf6 4. Ng5 d5 5. exd5 Na5 6. Bb5+ c6 7. dxc6 bxc6 8. Be2 h6 9. Nf3 e4 10. Ne5 Qd4
11. f4 Bd6 12. c3 Qd5 13. b4 Bxe5 14. fxe5 Qxe5 15. bxa5 Qxa5 16. O-O Be6 17. d4 exd3 18. Qxd3 Rd8 19. Qg3 Qc5+ 20. Be3 Qf8
21. Nd2 Nd5
0-1

[Event "Two Knights Defence 1800-2200"]
[Site "SchemingMind.com"]
[Date "2007.04.29"]
[Round "-"]
[White "DeekMan"]
[Black "Lazaro"]
[Result "1-0"]
[WhiteCountry "SCO"]
[BlackCountry "CUB"]
[WhiteElo "2095"]
[WhiteRD "81"]
[BlackElo "1892"]
[BlackRD "74"]
[GameID "102888"]

1. e4 e5 2. Nf3 Nc6 3. Bc4 Nf6 4. d3 d5 5. exd5 Nxd5 6. O-O Bg4 7. Nc3 Nxc3= 8. bxc3 Qf6= 9. Rb1 Bxf3 10. Qxf3 Qxf3
11. gxf3 Na5 12. Bd5 c6 13. Be4 g6 14. f4 Bg7 15. Ba3 b6 16. Bb4 Rc8 17. Rfe1 Kd7 18. fxe5 Bxe5 19. Bf5+ gxf5 20. Rxe5 Nb7
21. Re7+
1-0

[Event "Two Knights Defence 1800-2200"]
[Site "SchemingMind.com"]
[Date "2007.04.29"]
[Round "-"]
[White "Coloplast"]
[Black "AlekhineKid"]
[Result "1-0"]
[WhiteCountry "SWE"]
[BlackCountry "USA"]
[WhiteElo "2012"]
[WhiteRD "70"]
[BlackElo "1821"]
[BlackRD "77"]
[GameID "102962"]

1. e4 e5 2. Nf3 Nc6 3. Bc4 Nf6 4. Nc3 Nxe4 5. Nxe4 d5 6. Bb5 dxe4 7. Nxe5 Qg5 8. d4 Qxg2 9. Rf1 Bd7 10. Nxd7 Kxd7
11. d5 Bd6 12. dxc6+ bxc6 13. Bc4 f5 14. Qd4 Rhf8 15. Bf4 g5 16. Qg7+ Ke8 17. Bxd6 cxd6 18. O-O-O Qxh2 19. Qxg5 Rb8 20. f4 d5
21. Rh1 Qf2 22. Rxh7 Qe3+ 23. Kb1 Qc5 24. Bxd5 cxd5 25. Rxd5 Rxb2+ 26. Kxb2 Qb4+ 27. Kc1 Qe1+ 28. Rd1 Qe3+ 29. Kb1 Qb6+ 30. Ka1 Rf6
31. Qg7
1-0

[Event "Two Knights Defence 1800-2200"]
[Site "SchemingMind.com"]
[Date "2007.04.29"]
[Round "-"]
[White "Coloplast"]
[Black "Lazaro"]
[Result "0-1"]
[WhiteCountry "SWE"]
[BlackCountry "CUB"]
[WhiteElo "1881"]
[WhiteRD "72"]
[BlackElo "1954"]
[BlackRD "71"]
[GameID "102963"]

1. e4 e5 2. Nf3 Nc6 3. Bc4 Nf6 4. Nc3 Nxe4 5. Nxe4 d5 6. Bb5 dxe4 7. Bxc6+ bxc6 8. Nxe5 Qg5 9. d4 Qxg2 10. Rf1 Bh3
11. Qe2 Qxf1+ 12. Qxf1 Bxf1 13. Kxf1 c5 14. Be3 cxd4 15. Bxd4 c5 16. Bc3 f6 17. Nc4 Kd7 18. Rd1+ Ke6 19. Ba5 Be7
0-1

[Event "Two Knights Defence 1800-2200"]
[Site "SchemingMind.com"]
[Date "2007.04.29"]
[Round "-"]
[White "Coloplast"]
[Black "DeekMan"]
[Result "0-1"]
[WhiteCountry "SWE"]
[BlackCountry "SCO"]
[WhiteElo "1881"]
[WhiteRD "72"]
[BlackElo "2099"]
[BlackRD "82"]
[GameID "102964"]

1. e4 e5 2. Nf3 Nc6 3. Bc4 Nf6 4. Nc3 Bc5 5. d3 O-O 6. O-O d6 7. Be3 Bxe3 8. fxe3 Na5 9. Bb3 Bg4 10. h3 Bxf3
11. Qxf3 a6 12. Nd5 Nd7 13. Qg3 c6 14. Nc3 Nxb3 15. axb3 Nf6 16. Rf3 Kh8 17. Raf1 b5 18. Rf5 a5 19. Qh4 Rb8 20. g4 Kg8
21. g5 Nd7 22. Qg4 Qb6 23. R5f3 Nc5 24. h4 a4 25. b4 Ne6 26. h5 Qd8 27. Rf5 Qe8 28. Ne2 Nd8 29. d4 Qe6 30. g6 hxg6
31. hxg6 Nb7 32. Rg5 Qxg4+ 33. Rxg4 fxg6 34. Rxg6 Rxf1+
0-1

[Event "Two Knights Defence 1800-2200"]
[Site "SchemingMind.com"]
[Date "2007.04.30"]
[Round "-"]
[White "Coloplast"]
[Black "izziedizzy"]
[Result "0-1"]
[WhiteCountry "SWE"]
[BlackCountry "USA"]
[WhiteElo "1916"]
[WhiteRD "70"]
[BlackElo "2149"]
[BlackRD "105"]
[GameID "102966"]

1. e4 e5 2. Nf3 Nc6 3. Bc4 Nf6 4. Nc3 Nxe4 5. Nxe4 d5 6. Bb5 dxe4 7. Nxe5 Qg5 8. d4 Qxg2 9. Rf1 a6 10. Bxc6+ bxc6
11. f3 Be7 12. Qe2 Bh4+ 13. Kd1 Bh3 14. Qxg2 Bxg2 15. Rg1 exf3 16. Be3 O-O 17. Kd2 c5 18. d5 Rfb8 19. b3 Bf6 20. Nc6 Bxa1
21. Nxb8 Bd4 22. Bxd4 cxd4 23. Nc6 d3 24. cxd3 f2
0-1

[Event "Two Knights Defence 1800-2200"]
[Site "SchemingMind.com"]
[Date "2007.04.30"]
[Round "-"]
[White "AlekhineKid"]
[Black "Coloplast"]
[Result "1-0"]
[WhiteCountry "USA"]
[BlackCountry "SWE"]
[WhiteElo "1950"]
[WhiteRD "75"]
[BlackElo "1916"]
[BlackRD "70"]
[GameID "102967"]

1. e4 e5 2. Nf3 Nc6 3. Bc4 Nf6 4. Ng5 d5 5. exd5 Na5 6. Bb5+ c6 7. dxc6 bxc6 8. Be2 h6 9. Nh3 Bxh3 10. gxh3 Bc5
11. O-O Qd7 12. Bf3 Qxh3 13. Bg2 Qf5 14. d3 Ng4 15. Qe2 O-O 16. Nc3 Bd4 17. Ne4 Nf6 18. c3 Bb6 19. Be3 Qe6 20. Nc5 Bxc5
21. Bxc5 Rfd8 22. Rfe1 Nb7 23. Ba3 Rac8 24. Qxe5 Qxe5 25. Rxe5 Rxd3 26. Re7 Rd7 27. Rae1 Na5 28. Bh3 Rxe7 29. Rxe7 Re8 30. Rxe8+ Nxe8
31. Bc5 Nc4 32. Bd7 Nf6 33. Bxc6 Nxb2 34. Bxa7 g5 35. Bd4 Nh5 36. a4 Nf4 37. a5
1-0

[Event "Two Knights Defence 1800-2200"]
[Site "SchemingMind.com"]
[Date "2007.04.30"]
[Round "-"]
[White "Lazaro"]
[Black "Coloplast"]
[Result "1-0"]
[WhiteCountry "CUB"]
[BlackCountry "SWE"]
[WhiteElo "1954"]
[WhiteRD "71"]
[BlackElo "1881"]
[BlackRD "72"]
[GameID "102968"]

1. e4 e5 2. Nf3 Nc6 3. Bc4 Nf6 4. Ng5 d5 5. exd5 Na5 6. Bb5+ c6 7. dxc6 bxc6 8. Qf3= h6 9. Ne4 Bb7 10. Nxf6+ gxf6
11. Ba4 Qd4 12. Bb3 Be7 13. Qe3 Qg4 14. Qg3 Qe4+ 15. Kd1 O-O-O 16. d3 c5 17. Bd2
1-0

[Event "Two Knights Defence 1800-2200"]
[Site "SchemingMind.com"]
[Date "2007.04.29"]
[Round "-"]
[White "DeekMan"]
[Black "Coloplast"]
[Result "1-0"]
[WhiteCountry "SCO"]
[BlackCountry "SWE"]
[WhiteElo "2045"]
[WhiteRD "83"]
[BlackElo "1916"]
[BlackRD "70"]
[GameID "102969"]

1. e4 e5 2. Nf3 Nc6 3. Bc4 Nf6 4. d3 Bc5 5. Nc3 d6 6. O-O O-O 7. Bg5 h6 8. Bxf6 Qxf6 9. Nd5 Qd8 10. c3 Be6
11. d4 Bxd5 12. exd5 Na5 13. Be2 exd4 14. cxd4
1-0

[Event "Two Knights Defence 1800-2200"]
[Site "SchemingMind.com"]
[Date "2007.05.03"]
[Round "-"]
[White "izziedizzy"]
[Black "Coloplast"]
[Result "1-0"]
[WhiteCountry "USA"]
[BlackCountry "SWE"]
[WhiteElo "2172"]
[WhiteRD "99"]
[BlackElo "1928"]
[BlackRD "70"]
[GameID "102971"]

1. e4 e5 2. Nf3 Nc6 3. Bc4 Nf6 4. d4 exd4 5. O-O d6 6. Nxd4 Be7 7. Nc3 O-O 8. Bf4 a6 9. Nxc6 bxc6 10. a3 Be6
11. Qd3 d5 12. exd5 cxd5 13. Bxa6 Bd6 14. Bxd6 Qxd6 15. Bb5 c6 16. Ba4 Rfb8 17. b3 g6 18. Qg3 Qxg3 19. fxg3 Ng4 20. Bxc6 Ra6
21. Bxd5 Ne3 22. Bxe6 Rxe6 23. Rfc1 Rc8 24. Nb5 Rxc2 25. Rxc2 Nxc2 26. Ra2 Rc6 27. a4 Nb4 28. Rd2 Rc1+ 29. Kf2 Rb1 30. Nd4 Kf8
31. g4 Ke7 32. Kg3 Na6 33. Rc2 Kd7 34. g5 Rd1 35. Nf3 Rd3 36. Rd2 Rxd2 37. Nxd2 Kd6 38. Kf4 Ke6 39. Ke4
1-0